Datum a čas kvízu
30.5
Celkem bodů
Celkový počet nahraných bodů na tomto kvízu bez doplňovacích otázek.
12.
Pořadí na kvízu
Konečné umístění týmu na tomto kvízu.
Zaznamenané odpovědi
| # | Otázka | Odpověď | Body | Výsledky |
|---|---|---|---|---|
| 1. | Jak se nazývá země, jejíž prez... | Maďarsko | 1 | |
| 2. | Podle aktuálního žebříčku spo... | v Lisabonu | 0 | |
| 3. | Ve čtvrtek se konala svatba je... | Britney Spears | 1 | |
| 4. | Poslanci Evropského parlamentu... | od roku 2035 | 1 | |
| 5. | Fotbalový trenér Petr Rada má... | Dukla Praha | 1 | |
| 6. | Z nebe padá ledacos, ale nejča... | A | 1 | |
| 7. | Pád z nebe potkal i syna stavi... | Íkaros; Daidalos | 1 | |
| 8. | V roce 1997 byla zachráněna v... | A | 0 | |
| 9. | Ve kterém roce byla požárem zn... | 1937 (uznáváme od 1935 do 1939) | 0 | |
| 10. | Fanoušky romantických seriálů... | v Jižní Koreji | 1 |